NHL Captains By Team (1990-Present) - Statistics

General Stats
  • This quiz has been taken 244 times
    175 since last reset
  • The average score is 79 of 230
Answer Stats
Hint Answer % Correct
2017-Pres. Connor McDavid
84%
2006-20 Zdeno Chara
83%
2002-06 | 2010-14 Joe Thornton
81%
2010-22 Ryan Getzlaf
81%
2008-Pres. Jonathan Toews
80%
2020-Pres. Patrice Bergeron
80%
2020-Pres. Dylan Larkin
78%
Colorado Avalanche 1995-09 Joe Sakic
78%
Edmonton Oilers 1988-91 | 1991-97 | 1997-00 | 2000-04 Mark Messier
77%
2003-17 Shane Doan
77%
Detroit Red Wings 1986-06 Steve Yzerman
77%
2018-Pres. Alexsander Barkov
75%
2013-21 | 2021-22 Mark Giordano
75%
Los Angeles Kings 1989-96 | 1995-96 Wayne Gretzky
75%
2016-Pres. Anze Kopitar
73%
2013-Pres. Jamie Benn
73%
2003-13 Jarome Iginla
73%
2006-12 Nicklas Lidstrom
73%
2007-Pres. Sidney Crosby
72%
2012-Pres. Gabriel Landeskog
70%
2021-Pres. Brady Tkachuk
69%
2009-16 Eric Staal
69%
2012-18 Henrik Zetterberg
69%
2013-18 | 2019-Pres. John Tavares
69%
2017-18 | 2019-Pres. Jordan Staal
69%
Arizona Coyotes 1996-01 Keith Tkachuk
69%
2003-04 | 2005-10 Scott Niedermayer
69%
2009-Pres. Alex Ovechkin
67%
Pittsburgh Penguins 1988-94 | 1995-97 | 2001-06 Mario Lemieux
67%
2008-12 Rick Nash
67%
1998-01 | 2006-08 Jaromir Jagr
66%
2012-22 Claude Giroux
64%
2003-06 Mike Modano
63%
Minnesota Wild 2009-20 Mikko Koivu
63%
2022-Pres. Nick Suzuki
63%
2003-09 Patrick Marleau
63%
1996-03 Paul Kariya
63%
2017-Pres. Roman Josi
63%
1999-09 Saku Koivu
63%
2011-16 | 2018-22 Shea Weber
63%
2008-16 Dustin Brown
61%
1994-95 | 1997-98 | 1999-04 Ron Francis
61%
2014-Pres. Steven Stamkos
61%
2018-Pres. Anders Lee
59%
1999-13 Daniel Alfredsson
58%
2010-18 Henrik Sedin
58%
2013-14 Martin St. Louis
58%
2018-21 Jack Eichel
56%
2020-Pres. Nico Hischier
56%
2005-09 Rod Brind'Amour
56%
2020-Pres. Ryan O'Reilly
56%
2000-01 | 2008-13 Vincent Lecavalier
56%
1992-95 Brett Hull
55%
Vegas Golden Knights 2020-Pres. Mark Stone
55%
1997-08 Mats Sundin
55%
Buffalo Sabres 1990-91 Mike Foligno
53%
2015-21 Nick Foligno
53%
2014-18 Erik Karlsson
52%
2019-Pres. Logan Couture
52%
2021-Pres. Boone Jenner
50%
2020-Pres. Jared Spurgeon
50%
2015-19 Joe Pavelski
50%
1990-91 | 1992-04 Scott Stevens
50%
2016-20 Alex Pietrangelo
48%
2016-22 Blake Wheeler
48%
2022-Pres. Kyle Okposo
48%
2006-07 Peter Forsberg
48%
2022-Pres. Jacob Trouba
47%
2018-19 Justin Williams
47%
1997-04 | 2007-08 | 2011-12 Chris Pronger
45%
2015-18 Max Pacioretty
45%
2018-21 Oliver Ekman-Larsson
45%
1994-00 Eric Lindros
44%
2010-16 Dion Phaneuf
42%
2008-10 Roberto Luongo
41%
1998-02 Adam Oates
39%
2010-14 | 2014-17 Brian Gionta
39%
2001-07 | 2007-08 Jason Smith
39%
2013-14 Jason Spezza
39%
2011-12 Zach Parise
39%
2019-Pres. Bo Horvat
38%
2006-07 Patrik Elias
38%
2001-02 Pavel Bure
38%
1999-00 Steve Smith
38%
1995-99 Chris Chelios
36%
2008-11 Mike Richards
36%
2002-03 Al MacInnis
34%
1992-97 Pat LaFontaine
34%
1995-01 | 2007-08 | 2009-10 Rob Blake
34%
2015-20 Andy Greene
31%
New York Islanders 1987-92 Brent Sutter
31%
Calgary Flames 1991-95 Joe Nieuwendyk
31%
2011-12 Milan Hejduk
31%
Philadelphia Flyers 1990-91 Ron Sutter
31%
2007-08 | 2011-13 Jason Pominville
30%
2014-18 Ryan McDonagh
30%
2006-10 Chris Clark
27%
Boston Bruins 1988-00 Raymond Borque
27%
1990-97 | 1998-99 Trevor Linden
27%
1991-94 Wendel Clark
27%
Winnipeg Jets 2011-16 Andrew Ladd
25%
2006-13 Brenden Morrow
25%
1997-00 Brian Leetch
25%
2005-07 Daniel Briere
25%
2002-06 Dave Andreychuk
25%
2000-08 Markus Naslund
25%
2003-08 Olli Jokinen
25%
2013-14 Thomas Vanek
25%
2013-15 Andrew Ference
23%
1995-97 Theo Fleury
23%
1996-99 Vincent Damphousse
23%
2005-08 | 2009-11 Adam Foote
22%
2011-16 David Backes
22%
1994-03 Derian Hatcher
20%
1998-01 | 2009-11 Doug Weight
20%
2012-14 Ed Jovanovski
20%
2001-06 Greg Johnson
20%
Montreal Canadiens 1989-94 Guy Carbonneau
20%
1993-94 Kevin Hatcher
20%
2011-14 Ryan Callahan
19%
2016-18 Derek MacKenzie
17%
2016-17 Mike Fisher
17%
2001-03 Teppo Numminen
17%
2007-09 Bill Guerin
14%
2012-15 Bryce Salvador
14%
2002-03 Craig Conroy
14%
2007-11 Jason Arnott
14%
2010-13 Shawn Horcoff
14%
2003-07 | 2008-11 Chris Drury
13%
1994-99 Dale Hunter
13%
1998-03 Owen Nolan
13%
2003-04 Steve Rucchin
13%
1996-00 | 2001-04 Michael Peca
11%
1995-97 Pierre Turgeon
11%
Toronto Maple Leafs 1990-91 Rob Ramage
11%
2000-02 Tony Amonte
11%
1994-97 | 1999-00 Doug Gilmore
9%
1992-92 Kevin Lowe
9%
1998-99 | 2005-07 Alexei Yashin
8%
San Jose Sharks 1991-93 Doug Wilson
8%
1987-91 | 1994-95 Kirk Muller
8%
Chicago Blackhawks 1989-95 Dirk Graham
6%
2007-10 Ethan Moreau
6%
2014-16 Willie Mitchell
6%
2000-02 Dave Lowry
5%
2008-11 Eric Brewer
5%
1999-02 Eric Desjardins
5%
2007-11 Jamie Langenbrunner
5%
2000-01 Jason Allison
5%
2005-06 Jeff Halpern
5%
1998-99 | 2001-06 Keith Primeau
5%
2006-07 Kimmo Timonen
5%
2002-03 Ray Whitney
5%
1997-01 Scott Mellanby
5%
2006-08 Tim Taylor
5%
1997-99 Todd Simpson
5%
Anaheim Ducks 1993-94 Troy Loney
5%
2005-07 Adrian Aucoin
3%
2008-11 Craig Rivet
3%
1995-99 Kelly Buchberger
3%
Carolina Hurricanes 1993-94 | 1997-98 Kevin Dineen
3%
1997-98 Mikael Renberg
3%
1991-92 Mike Ramsey
3%
1994-96 Randy Ladouceur
3%
Washington Capitals 1986-93 Rod Langway
3%
2003-04 Alexei Zhamnov
2%
1991-92 Bruce Driver
2%
1992-94 Craig MacTavish
2%
2005-07 Dallas Drake
2%
2003-06 Luke Richardson
2%
2011-13 Mark Streit
2%
Dallas Stars 1993-94 Mark Tinordi
2%
2007-08 Martin Lapointe
2%
2000-07 Mattias Norstrom
2%
1991-92 Rick Tocchet
2%
1998-99 Rob Zamuner
2%
Shane Corson
2%
1994-95 Shayne Corson
2%
2001-04 Steve Konowalchuk
2%
2001-03 Stu Barnes
2%
1996-97 Todd Gill
2%
Nashville Predators 1998-02 Tom Fitzgerald
2%
1993-95 Bob Errey
0%
Florida Panthers 1993-97 Brian Skrudland
0%
1997-98 | 2008-11 Bryan McCabe
0%
1999-00 Chris Gratton
0%
1991-92 Garth Butcher
0%
1994-96 Jeff Odgers
0%
New York Rangers 1987-91 Kelly Kisio
0%
1999-01 Kenny Jonsson
0%
Ottawa Senators 1992-93 Laurie Boschman
0%
Columbus Blue Jackets 2000-02 Lyle Odelein
0%
1991-96 Pat Flatley
0%
Tampa Bay Lightning 1995-97 Paul Ysebaert
0%
1994-98 Randy Cunneyworth
0%
No matching quizzes found
Score Distribution
Percent of People with Each Score
Percentile by Number Answered
Your Score History
You have not taken this quiz since the last reset